Торжество Минервы. Кн. 4: Принцесса с верховых болот (Запись № 13504072)

Подробности
000 -МАРКЕР
контрольное поле 01077nam2a2200253 4500
001 - ИДЕНТИФИКАТОР ЗАПИСИ
контрольное поле RU\NLR\BIBL_A\022686831
005 - ИДЕНТИФИКАТОР ВЕРСИИ
контрольное поле 20260123182907.0
010 ## - МЕЖДУНАРОДНЫЙ СТАНДАРТНЫЙ НОМЕР КНИГИ (ISBN)
Номер (ISBN) 978-5-9973-7157-9
Тираж 500
021 ## - НОМЕР ГОСУДАРСТВЕННОЙ РЕГИСТРАЦИИ
Код страны Российская Федерация
Номер КН-П-25-067275
Номер Листа государственной регистраци КН-П-25-6499
035 ## - ДРУГИЕ СИСТЕМНЫЕ НОМЕРА
Идентификатор записи (NLR Aleph) 022686831
100 ## - ДАННЫЕ ОБЩЕЙ ОБРАБОТКИ
Данные общей обработки 20251212d2025 u y0rusy50 ca
101 0# - ЯЗЫК РЕСУРСА
Язык текста, звукозаписи и т.д. русский
102 ## - СТРАНА ПУБЛИКАЦИИ ИЛИ ПРОИЗВОДСТВА
Страна публикации Российская Федерация
105 ## - ПОЛЕ КОДИРОВАННЫХ ДАННЫХ: ТЕКСТОВЫЕ МАТЕРИАЛЫ, МОНОГРАФИЧЕСКИЕ
Кодированные данные о монографическом текстовом документе a z 000ay
200 1# - ЗАГЛАВИЕ И СВЕДЕНИЯ ОБ ОТВЕТСТВЕННОСТИ
Основное заглавие Принцесса с верховых болот
Обозначение и номер части Т. 1
Первые сведения об ответственности иллюстрации художника Марии Сорокиной
210 ## - ПУБЛИКАЦИЯ, РАСПРОСТРАНЕНИЕ И ДР.
Дата издания, распространения и т.д. 2025
215 ## - ФИЗИЧЕСКАЯ ХАРАКТЕРИСТИКА
Специфическое обозначение материала и объем 227 с.
Другие сведения о физической характеристике ил.
461 #0 - УРОВЕНЬ НАБОРА
Встроенное поле 001RU\NLR\BIBL_A\021965775
-- 2001#$aТоржество Минервы$vКн. 4
Системный номер (АБИС) связанной записи 12339087
Автор Варичев, А. И.
Место публикации Москва
Дата публикации 2023-
Первые сведения об ответственности А. И. Варичев
Имя издателя, распространителя и т.д. Спутник+
Сведения, относящиеся к заглавию историческая эпопея
Заглавие Торжество Минервы
Номер тома Кн. 4
702 #1 - ИМЯ ЛИЦА - ВТОРИЧНАЯ ОТВЕТСТВЕННОСТЬ
Код отношения Карикатурист, Художник
Графика поля Кириллица
Материалы, к которым относится поле rus
Начальный элемент ввода Сорокина
Часть имени, кроме начального элемента ввода М.
Дополнения к именам, кроме дат художник
Расширение инициалов личного имени Мария
Системный номер авторитетной/нормативной записи 269955
Идентификатор авторитетной/нормативной записи RU\NLR\AUTH\770270011
942 ## - ДОПОЛНИТЕЛЬНЫЕ ЭЛЕМЕНТЫ ЗАПИСИ (АБИС)
Тип экземпляра АБИС Книга
980 ## - КОЛЛЕКЦИЯ
Название коллекции Национальная библиография

Нет доступных экземпляров.